000 01029cam a22003137a 4500
003 CHAP
005 20220817043557.0
008 990831d ni a rn 00110 spa d
010 _a78933
011 _a79905
035 _a90322
040 _cCHAP
090 _aFolleto 15464y v.1
110 2 _aFAO
245 1 0 _aQuemas del verano :
_bproyecto agros
_c/por FAO
260 _aMatagalpa, Nicaragua :
_bFAO. Programa de Agricultura Biológica,
_c199?.
300 _a23 p. :
_bilus.
490 0 _aFAO. Serie : Agricultura orgánica en Nicaragua
_v; 1
590 _aBATCH-UPD
_b10
_c20130110
_lUCH01
_h1922
590 _aBATCH-UPD
_b10
_c20130410
_lUCH01
_h1248
590 _aBATCH-UPD
_b10
_c20130914
_lUCH01
_h1948
590 _aCONVERSION
_b10
_c20130109
_lUCH01
_h1344
650 0 4 _aQuema controlada.
_993164
830 0 0 _aFAO. Serie : Agricultura orgánica en Nicaragua
_v; 1
_939690
901 _aBK
905 _aLilia Sánchez G.
942 _cFOLL
949 _aFolleto 15464y v.1
_bBC
_cFAO
_d903221
_eFAO1
_i90322
_kDonaciØn
_sb
999 _c78933
_d78933